00504nam a2200157 i 4500001000300000100002000003245007400023260002100097040000800118041000800126942000700134008004100141999001700182856009800199952004900297bg1 aKWIATKOWSKI, A. 0aTechnologia chemiczna ogólna i organiczna.nCz.1 /cA. Kwiatkowski. aGdańsk,c1982. cBPK apol cKS s pl f |000 0 pol  c21733d21733 uhttp://koha.tu.koszalin.pl/cgi-bin/koha/opac-detail.pl?biblionumber=21733yKatalog online BPK 00104070aBPKbBPKcwo30547p01374179yKS